Movies Quiz

Random Movies or Role Quiz

Biopic Movies Quiz Stats

 Plays Quiz Updated Feb 11, 2016

     
Support Sporcle.
Go Orange.
Score 0/30 Timer 08:00
0 Plays Today
% Correct
Apollo 13
95.7%
Lincoln
95%
Ali
92.9%
The King's Speech
90%
Malcolm X
83%
The Elephant Man
82.3%
Milk
81.4%
The Social Network
80.5%
Amadeus
79%
The Iron Lady
78.3%
Evita
77.4%
Erin Brockovich
76.6%
Spartacus
76.1%
Elizabeth
76%
Schindler's List
74.9%
% Correct
The Last King of Scotland
73.5%
The Queen
70.5%
The Theory of Everything
68.1%
The Doors
62.9%
W.
58.7%
Amelia
58.2%
Invictus
57.6%
Great Balls of Fire!
56.3%
Man on the Moon
56%
Coal Miner's Daughter
52.6%
Ed Wood
51.4%
The Untouchables
46.9%
My Week With Marilyn
46.5%
J. Edgar
46.4%
Downfall
28%

From the Vault

Actor Occupations

by LTH

Movies 10m
It's an unwritten rule that every actor has to play a law enforcement agent at some point.
Remove Ads.
Support Sporcle.
Get the best of Sporcle when you Go Orange. This ad-free experience offers more features, more stats, and more fun while also helping to support Sporcle. Thank you for becoming a member.

Show Comments

Extras

Top Quizzes Today


Score Distribution

Your Account Isn't Verified!

In order to create a playlist on Sporcle, you need to verify the email address you used during registration. Go to your Sporcle Settings to finish the process.

Report this User

Report this user for behavior that violates our Community Guidelines.

Details: